书目信息 |
| 题名: |
国际贸易单证实务
|
|
| 作者: | 梅清豪 编著 | |
| 分册: | ||
| 出版信息: | 上海 上海交通大学出版社 1999.09 |
|
| 页数: | 165页 | |
| 开本: | 32开 | |
| 丛书名: | ||
| 单 册: | ||
| 中图分类: | F740.4 | |
| 科图分类: | ||
| 主题词: | 商业经济 | |
| 电子资源: | ||
| ISBN: | 7-313-02241-7 | |
| 000 | 00559nam0 2200193 45 | |
| 001 | 0010240993 | |
| 005 | 20001024093012.2 | |
| 010 | @a7-313-02241-7@d7.50元 | |
| 100 | @a20001024d1999 km y0chiy0120 ea | |
| 101 | 0 | @achi |
| 105 | @a z 000yy | |
| 200 | 1 | @a国际贸易单证实务@AGuo Ji Mao Yi Dan Zheng Shi Wu@f梅清豪编著@FMei Qing Hao Bian Zhu |
| 210 | @a上海@c上海交通大学出版社@d1999.09 | |
| 215 | @a165页@d32开 | |
| 606 | 0 | @a商业经济 |
| 690 | @aF740.4@v3 | |
| 701 | 0 | @a梅清豪@4编著 |
| 801 | @aCN@bPftUser@c20001024 | |
| 905 | @b185404-408@dF740.4@eM302@f5 | |
| 国际贸易单证实务/梅清豪编著.-上海:上海交通大学出版社,1999.09 |
| 165页;32开 |
| ISBN 7-313-02241-7:7.50元 |
| ● |
| 相关链接 |
|
|
|
正题名:国际贸易单证实务
索取号:F740.4/M302
 
预约/预借
| 序号 | 登录号 | 条形码 | 馆藏地/架位号 | 状态 | 备注 |
| 1 | 185404 | 201854047 | 社科库409/409社科库 48排2列5层/ [索取号:F740.4/M302] | 在馆 | |
| 2 | 185405 | 201854056 | 社科库409/422社科库 35排3列1层/ [索取号:F740.4/M302] | 在馆 | |
| 3 | 185406 | 201854065 | 社科库409/409社科库 48排2列5层/ [索取号:F740.4/M302] | 在馆 | |
| 4 | 185407 | 201854074 | 社科库409/422社科库 35排3列1层/ [索取号:F740.4/M302] | 在馆 | |
| 5 | 185408 | 201854083 | 社科库409/409社科库 48排2列5层/ [索取号:F740.4/M302] | 在馆 |